Catálogo
 En Linea

En el oscuro reino de la garúa / (Registro nro. 51011)

Detalles MARC
000 -CABECERA
campo de control de longitud fija 00644nam a22002297a 4500
003 - IDENTIFICADOR DEL NÚMERO DE CONTROL
campo de control DO-SdBNP
005 - FECHA Y HORA DE LA ÚLTIMA TRANSACCIÓN
campo de control 20211122100302.0
008 - DATOS DE LONGITUD FIJA--INFORMACIÓN GENERAL
campo de control de longitud fija 211122b2019 ||||| |||| 00| 0 spa d
020 ## - NÚMERO INTERNACIONAL ESTÁNDAR DEL LIBRO
Número Internacional Estándar del Libro 9781641312202
040 ## - FUENTE DE LA CATALOGACIÓN
Centro catalogador/agencia de origen DO-SdBNP
Lengua de catalogación spa
Centro/agencia transcriptor BNPHU
082 ## - NÚMERO DE LA CLASIFICACIÓN DECIMAL DEWEY
Número de clasificación PR863.44
Número de documento/Ítem C311o
100 ## - ENTRADA PRINCIPAL--NOMBRE DE PERSONA
Nombre de persona Carril, Emilio Del
9 (RLIN) 75641
245 ## - MENCIÓN DE TÍTULO
Título En el oscuro reino de la garúa /
Mención de responsabilidad, etc. Emilio del Carril
250 ## - MENCIÓN DE EDICIÓN
Mención de edición 2da. ed.
260 ## - PUBLICACIÓN, DISTRIBUCIÓN, ETC.
Lugar de publicación, distribución, etc. Santo Domingo :
Nombre del editor, distribuidor, etc. Santuario,
Fecha de publicación, distribución, etc. 2019
300 ## - DESCRIPCIÓN FÍSICA
Extensión 201 p. :
Otras características físicas il. ;
Dimensiones 22 cm
490 ## - MENCIÓN DE SERIE
Mención de serie País invisible
590 ## - NOTA LOCAL (RLIN)
Nota local Inventariado, 2021, / DG
650 ## - PUNTO DE ACCESO ADICIONAL DE MATERIA--TÉRMINO DE MATERIA
Término de materia o nombre geográfico como elemento de entrada Cuentos dominicanos
9 (RLIN) 80696
910 ## - DATOS DE OPCIÓN DEL USUARIO (OCLC)
Datos de opción del usuario D/G
942 ## - ELEMENTOS DE PUNTO DE ACCESO ADICIONAL (KOHA)
Fuente del sistema de clasificación o colocación Dewey Decimal Classification
Tipo de ítem Koha Libro
Existencias
Estado de retiro Estado de pérdida Fuente del sistema de clasificación o colocación Restricciones de uso No para préstamo Código de colección Localización permanente Ubicación/localización actual Fecha de adquisición Total de préstamos Signatura topográfica completa Código de barras Fecha visto por última vez Precio válido a partir de Tipo de ítem Koha Ubicación en estantería Número de copia
    Dewey Decimal Classification Préstamo en sala   Monografías: Libros y Folletos Biblioteca Nacional Pedro Henríquez Ureña Dominicana 22.11.2021   PR863.44 C311o 2021-28256 22.11.2021 22.11.2021 Libro En catalogación e.3
    Dewey Decimal Classification Excluido de préstamo   Monografías: Libros y Folletos Biblioteca Nacional Pedro Henríquez Ureña Patrimonio Dominicano 22.11.2021   PR863.44 C311o 2021-28254 22.11.2021 22.11.2021 Libro    
    Dewey Decimal Classification Excluido de préstamo   Monografías: Libros y Folletos Biblioteca Nacional Pedro Henríquez Ureña Patrimonio Dominicano 22.11.2021   PR863.44 C311o 2021-28255 22.11.2021 22.11.2021 Libro En catalogación e.2

Con tecnología Koha